000 01062cam a2200421 4500500
005 20260329003256.0
041 _afre
042 _adc
100 1 0 _aPersonne, Thomas
_eauthor
245 0 0 _aRésonances / avril 2015
260 _c2015.
500 _a40
690 _aAlexandre Koyré
690 _aBoris Nemtsov
690 _aCinquième colonne
690 _aDiscours
690 _aEnnemi
690 _aÉtat
690 _aFécondité
690 _aFiliation
690 _aFront National
690 _aGénétique
690 _aMarine Le Pen
690 _aMots
690 _aParents
690 _aParis
690 _aPoutine
690 _aRhétorique
690 _aRussie
690 _aScience
690 _aSécurité
690 _aSouveraineté
690 _aSurvol
690 _aTechnologie
690 _aTerritoire
786 0 _nPhilosophie magazine | 88 | 4 | 2015-04-01 | p. 8-8 | 1951-1787
856 4 1 _uhttps://shs.cairn.info/magazine-philosophie-magazine-2015-4-page-8?lang=fr&redirect-ssocas=7080
999 _c1823084
_d1823084